| 000 | 00684cam a2200217 a 4500 | ||
|---|---|---|---|
| 001 | 000008105 | ||
| 005 | 20200929154433.0 | ||
| 008 | 940617s1993 ck 001 0 spa | ||
| 020 | _a9586121518 | ||
| 040 |
_aDO-SdBNP _cDLC |
||
| 082 |
_aM863.44 _bJ37c |
||
| 100 | 1 |
_aJaramillo, Ana María, _d1956- _922011 |
|
| 245 | 1 | 0 |
_aCrimenes domesticos / _cAna María Jaramillo. |
| 260 |
_aBogotá : _bColcultura, _c1993. |
||
| 300 |
_a125 p. ; _c20 cm. |
||
| 490 | 1 | _aPremios nacionales '93. Cuento ex-aequo | |
| 650 | 4 |
_aCuentos mexicanos _911371 |
|
| 650 | 4 |
_aLiteratura mexicana _91922 |
|
| 830 | 0 |
_aPremios nacionales '93. Cuento ex-aequo _922012 |
|
| 910 | _aCatalogación por copia / LC | ||
| 999 |
_c7882 _d7882 |
||